<?xml version="1.0" encoding="UTF-8"?>
<record
    xmlns:xsi="http://www.w3.org/2001/XMLSchema-instance"
    xsi:schemaLocation="http://www.loc.gov/MARC21/slim http://www.loc.gov/standards/marcxml/schema/MARC21slim.xsd"
    xmlns="http://www.loc.gov/MARC21/slim">

  <leader>00845naa a22002177a 4500</leader>
  <controlfield tag="003">BPK</controlfield>
  <controlfield tag="005">20180209140926.0</controlfield>
  <controlfield tag="008">160218b1980    pl ||||| |||| 10| 0 pol  </controlfield>
  <datafield tag="040" ind1=" " ind2=" ">
    <subfield code="c">BPK</subfield>
  </datafield>
  <datafield tag="080" ind1=" " ind2=" ">
    <subfield code="a">621.93</subfield>
  </datafield>
  <datafield tag="100" ind1=" " ind2=" ">
    <subfield code="a">FUNKE, Grzegorz.</subfield>
    <subfield code="d">1970 - 1991.</subfield>
    <subfield code="b">Wy&#x17C;sza Szko&#x142;a In&#x17C;ynierska w Koszalinie - Instytut Budownictwa L&#x105;dowego,</subfield>
    <subfield code="c">Zak&#x142;ad Podstaw Budownictwa i Technologii Materia&#x142;&#xF3;w Budowlanych</subfield>
  </datafield>
  <datafield tag="245" ind1=" " ind2=" ">
    <subfield code="a">Ultrad&#x17A;wi&#x119;kowe badanie ram pi&#x142;owych trak&#xF3;w "Maximus" /</subfield>
    <subfield code="c">Grzegorz Funke.</subfield>
  </datafield>
  <datafield tag="260" ind1=" " ind2=" ">
    <subfield code="c">1980.</subfield>
  </datafield>
  <datafield tag="500" ind1=" " ind2=" ">
    <subfield code="a">Dane z kartoteki bpp.</subfield>
  </datafield>
  <datafield tag="650" ind1=" " ind2="0">
    <subfield code="a">Trak (techn.).</subfield>
  </datafield>
  <datafield tag="650" ind1=" " ind2=" ">
    <subfield code="a">Pilarki.</subfield>
  </datafield>
  <datafield tag="655" ind1=" " ind2="0">
    <subfield code="a">Materia&#x142;y konferencyjne.</subfield>
  </datafield>
  <datafield tag="773" ind1=" " ind2=" ">
    <subfield code="i">W :</subfield>
    <subfield code="t">X KKBN. -</subfield>
    <subfield code="d">Jadwisin, 1980. -</subfield>
    <subfield code="g">s. 131-135</subfield>
  </datafield>
  <datafield tag="711" ind1=" " ind2=" ">
    <subfield code="a">Krajowa Konferencja Bada&#x144; Nieniszcz&#x105;cych</subfield>
    <subfield code="n">(10 ;</subfield>
    <subfield code="d">1980 ;</subfield>
    <subfield code="c">Jadwisin, Polska).</subfield>
  </datafield>
  <datafield tag="942" ind1=" " ind2=" ">
    <subfield code="c">ART</subfield>
    <subfield code="2">UKD</subfield>
  </datafield>
  <datafield tag="999" ind1=" " ind2=" ">
    <subfield code="c">7325</subfield>
    <subfield code="d">7325</subfield>
  </datafield>
</record>
